000 00295nam a2200121 a 4500
008 100916s1985|||| d
100 1 _aDorinová, Francoise
245 1 0 _aChoď za mamou...ocko pracuje!
260 _bSmena
_aBratislava
_c1985
044 _axo
_cSK
041 _aslo
020 _c30
999 _c10346
_d10346